000 00858nam a2200217Ii 4500
003 JO-AjNU
008 230605s9999||||xx |||||||||||||| ||und||
040 _aJO-AjNU
_bara
_erda
_cJO-AjNU
041 _aara
050 1 4 _aBP184.3 2006
100 3 _aهيئة الفتوى ولجنة الامور العامة فيها المكونة من كبار العلماء/الكويت,
_eauthor
_943709
245 0 0 _aفتاوى المساجد والصلاة فيها
250 _aط1
264 3 1 _aالكويت: وزارة الاوقاف و الشؤون الاسلامية، 2006
300 _a402ص
336 _atext
_btxt
_2rdacontent
337 _aunmediated
_bn
_2rdamedia
338 _avolume
_bnc
_2rdacarrier
490 0 _aالمختارات الموضوعية من الفتاوى الشرعية5
650 4 _aالصلاة- فتاوى شرعية
_943710
999 _aA18810
_c22378
_d22378